000 00458nam a2200145Ia 4500
008 230917s9999||||xx |||||||||||||| ||und||
040 _e201097
_aMAIN
041 _aEnglish
082 _a891.437731 SR86G
100 _aश्रीवास्तव, रमाशंकर
245 0 _aघोड़ा छाप बाल्टी
260 _aनई दिल्ली
_bनमन प्रकाशन
_c2008
300 _a191 पृ. p.
942 _cHN
999 _c160337
_d160337